Ekonomické prístupy k stabilizácii penzijných systémov bakalárska práca

Na minha lista:
Detalhes bibliográficos
Autor principal: Cibirová, Dominika
Autor Corporativo: Národohospodárska fakulta EU. Katedra financií
Outros Autores: Čambalová, Andrea
Formato: Livro
Idioma:eslovaco
Publicado em: Bratislava 2012
Tags: Adicionar Tag
Sem tags, seja o primeiro a adicionar uma tag!

MARC

LEADER 00000nbm a2200000 4500
001 0156089
005 20161109111937.4
041 0 |a slo 
044 |a SK 
245 1 0 |a Ekonomické prístupy k stabilizácii penzijných systémov  |b bakalárska práca  |c Dominika Cibirová ; školiteľ: Andrea Čambalová 
264 1 |a Bratislava  |c 2012 
300 |a 45 s. 
100 1 |a Cibirová, Dominika 
700 1 |a Čambalová, Andrea 
710 2 |a Národohospodárska fakulta EU. Katedra financií